Handbook of electrical installation practice / (Record no. 60808)

000 -LEADER
fixed length control field 01167cam a2200289 a 4500
001 - CONTROL NUMBER
control field 2561077
003 - CONTROL NUMBER IDENTIFIER
control field NUST-PNEC
005 - DATE AND TIME OF LATEST TRANSACTION
control field 20170116180708.0
008 - FIXED-LENGTH DATA ELEMENTS--GENERAL INFORMATION
fixed length control field 950613s1996 enkab f 001 0 eng
010 ## - LIBRARY OF CONGRESS CONTROL NUMBER
LC control number 95030821
020 ## - INTERNATIONAL STANDARD BOOK NUMBER
International Standard Book Number 0632038829
040 ## - CATALOGING SOURCE
Transcribing agency PNEC
050 00 - LIBRARY OF CONGRESS CALL NUMBER
Classification number TK3271
Item number .H28 1996
082 00 - DEWEY DECIMAL CLASSIFICATION NUMBER
Classification number 621.319'24 SMI
100 ## - MAIN ENTRY--PERSONAL NAME
9 (RLIN) 424
Personal name Smith, Alan
245 00 - TITLE STATEMENT
Title Handbook of electrical installation practice /
Statement of responsibility, etc. edited by Alan Smith.
250 ## - EDITION STATEMENT
Edition statement 3rd ed.
260 ## - PUBLICATION, DISTRIBUTION, ETC.
Place of publication, distribution, etc. Oxford ;
-- Malden, MA :
Name of publisher, distributor, etc. Blackwell Science,
Date of publication, distribution, etc. 1996.
300 ## - PHYSICAL DESCRIPTION
Extent viii, 653 p. :
Other physical details ill., maps ;
Dimensions 25 cm.
500 ## - GENERAL NOTE
General note Includes index. http://www.amazon.com/Handbook-Electrical-Installation-Practice-Smith/dp/0632038829/ref=sr_1_1?s=books&ie=UTF8&qid=1412051158&sr=1-1&keywords=0632038829
650 #0 - SUBJECT ADDED ENTRY--TOPICAL TERM
Topical term or geographic name entry element Electric wiring, Interior
Form subdivision Handbooks, manuals, etc.
General subdivision EE, EL
650 #0 - SUBJECT ADDED ENTRY--TOPICAL TERM
Topical term or geographic name entry element Electric apparatus and appliances
General subdivision Installation
Geographic subdivision Great Britain
Form subdivision Handbooks, manuals, etc.
700 1# - ADDED ENTRY--PERSONAL NAME
Personal name Smith, Alan.
906 ## - LOCAL DATA ELEMENT F, LDF (RLIN)
a 7
b cbc
c orignew
d 1
e ocip
f 19
g y-gencatlg
942 ## - ADDED ENTRY ELEMENTS (KOHA)
Source of classification or shelving scheme
Koha item type Book
Holdings
Withdrawn status Lost status Source of classification or shelving scheme Damaged status Not for loan Permanent Location Current Location Shelving location Date acquired Source of acquisition Cost, normal purchase price Total Checkouts Full call number Barcode Date last seen Cost, replacement price Price effective from Koha item type
          Pakistan Navy Engineering College (PNEC) Pakistan Navy Engineering College (PNEC) Reference 03/03/1998 Pak Book Cor. 5477.34   621.319'24 SMI PNECLIB-019845 09/30/2014 5477.34 03/03/1998 Book
© 2023 Central Library, National University of Sciences and Technology. All Rights Reserved.